| 000 | 00607nam a2200217Ia 4500 | ||
|---|---|---|---|
| 003 | IIN | ||
| 005 | 20240122153938.0 | ||
| 008 | 231217s9999 xx 000 0 und d | ||
| 020 |
_cRs.795.00 _a9789389776416 |
||
| 040 |
_aIIN _bEnglish |
||
| 082 |
_a610.730711 _bBAS |
||
| 100 | 1 | _aBasavanthappa, B.T. | |
| 245 | 1 |
_aManagement of Nursing Services & Edcation _cB.T. Basavanthappa |
|
| 250 | _a.-2nd ed | ||
| 260 |
_bJaypee _aNew Delhi _c2020 |
||
| 300 | _axx,854p. | ||
| 650 | 1 |
_aManagement _vNursing Services |
|
| 650 | 1 |
_aEdcation in _vNursing |
|
| 650 | 1 | _aNursing Services & Edcation | |
| 942 | _cBOOK | ||
| 999 |
_c1606 _d1606 |
||